Meranie dopadu inovácií na výkonnosť podniku bakalárska práca

Enregistré dans:
Détails bibliographiques
Auteur principal: Slaninka, Dávid
Collectivité auteur: Podnikovohospodárska fakulta EU so sídlom v Košiciach. Katedra kvantitatívnych metód
Autres auteurs: Chrobák, Marián, 1997-
Format: Livre
Langue:slovaque
Publié: Košice 2023
Tags: Ajouter un tag
Pas de tags, Soyez le premier à ajouter un tag!

MARC

LEADER 00000nbm a2200000 4500
001 0294428
005 20240712083522.9
041 0 |a slo 
044 |a SK 
245 1 0 |a Meranie dopadu inovácií na výkonnosť podniku  |b bakalárska práca  |c Dávid Slaninka ; školiteľ: Marián Chrobák 
264 1 |a Košice  |c 2023 
300 |a 48 s. 
100 1 |a Slaninka, Dávid 
700 1 |a Chrobák, Marián, 1997- 
710 2 |a Podnikovohospodárska fakulta EU so sídlom v Košiciach. Katedra kvantitatívnych metód